Statistics for What vegetable is it?

Click here to take the quiz!

General Stats

  • This quiz has been taken 24 times
  • The average score is 15 of 20

Answer Stats

Answer% Correct
broccoli
100%
corn
100%
avocado
95%
carrot
95%
lettuce
95%
onion
95%
peas
95%
potato
95%
radish
95%
asparagus
86%
pepper
86%
cabbage
82%
artichoke
73%
squash
73%
aubergine
68%
parsnip
50%
courgette
45%
beetroot
36%
chard
23%
celeriac
9%

Score Distribution

Percentile by Number Answered

Percent of People with Each Score

Your Score History

You have not taken this quiz